00874nam a2200229 a 450000100100000000500170001000800410002702000180006804000250008608200150011110000380012624501110016426000600027530000280033549000210036350400320038459000260041670000440044283000280048695201130051499900170062700004798220241030141145.0181009s2007 dr a r 000 0 spa d a9789993481386 aDO-SdBNPbspacBNPHU axxxxbU26m1 aUgarte, Maríad1914-201192407810aMaría Nieves Sicart en la ciudad de Ovando /cMaría Ugarte ; investigación Monserrat Prats García. aSanto Domingo :bFundación García Arévalo,c2007. a234 p. :bil. ;c23 cm.1 aMonografíav31 aBibliografía : p. 231-234 aInventariado, 2018/BT1 aPrats García, Monserrat,einv.975497 0aMonografían31975498 0010718PDaPDbPDcHDd2018-10-09iLF1l0oxxxx U26mp47982-10r2020-06-25w2020-06-25yLFPDZNo se presta c47470d47470